00624nam a22001817a 450000500170000001000150001702000270003203500130005903700130007208200150008510000150010024500920011526000320020727000930023930000370033250000510036970000220042020161007123427.0 aENG-116180 a9789385285233c6000.00 aEN-99712 bDBAD/PUB a346.540438 aDeas, Lynn aHorse racing in India : cby Lynn Deas ; forword by Rasid R. Byramjiba Royal legacy /  aGurgaon bLexisNexis c2016 a14th Floor, Building No.10, Tower-B, DLF Cyber City, Phase-IIbGurgaon (Haryana)e122002 axiv,278p. :c24cm(Hb)bill (map) aIncludes bibliographical references and index  a Rasid R. Byramji